Atlas světa : Mimořádné číslo Nové doby
Enregistré dans:
| Format: | Livre |
|---|---|
| Langue: | tchèque |
| Publié: |
Praha :
Práce,
1984
|
| Édition: | 1. vyd. |
| Tags: |
Pas de tags, Soyez le premier à ajouter un tag!
|
MARC
| LEADER | 00000nam a22000003a 4500 | ||
|---|---|---|---|
| 001 | stu138904 | ||
| 005 | 20150408182347.0 | ||
| 008 | 070313s1984----cs------------------cze-d | ||
| 040 | |a STU |b slo | ||
| 041 | 0 | |a cze | |
| 044 | |a cs | ||
| 080 | |a 912 | ||
| 245 | |a Atlas světa : |b Mimořádné číslo Nové doby | ||
| 250 | |a 1. vyd. | ||
| 260 | |a Praha : |b Práce, |c 1984 | ||
| 300 | |a 168 s | ||
| 996 | |b 284V027057 |c V*28480/E-1211 |l VVT |s A |a 24 |w stu138904_0001 | ||